00488nam a2200181 a 4500001001300000003000900013005001700022008004100039020002300080082001700103100001900120245004800139260004000187300000900227500003500236650001600271700001900287nice12345678IN_TiNIC20260116014129.0100216s2009 newa grp 000 0 eng  a9788125008101c29500a324.245bCHA aChandra, Bipan aNationalism and Colonialism in Modern India aNew Delhi bOrient Blackswan c2009 a402p aincludes index and biblioraphy aNationalism1 aChandra, Bipan